000 00329nam a2200109Ia 4500
008 220216s9999 xx 000 0 und d
100 _aKumaran M G
245 0 _aLatex thread
260 _bLecture Notes of the Refresher Course for small scale latex goods manufactures. Kottayam, RRII, 1981
_c1981
300 _a88-94
942 _cJS
999 _c62090
_d62090